000
00262nam a2200109Ia 4500
005
20251222154424.0
008
251222s9999||||xx |||||||||||||| ||spa||
020
_a
84-239-9250-0
082
_a
411/R31
245
0
_a
Ortograféa de la lengua española
942
_c
LIB
999
_c
36159
_d
36159